marques de téléphones - Statistiques

Statistiques générales
  • Ce quiz a été pris 78 fois
  • Le résultat moyen est 3 sur 10
Statistiques - réponses
Hint Extra Hint Explanation Réponse % Correct
2 Le succès repose sur une vision stratégique qui a dépassé le simple cadre de l'informatique de bureau pour inclure les appareils mobiles et les objets connectés . La performance et le design sont deux facteurs clés de la marque et de son succès continu. numéro 2 mondial apple
64%
3 rapidement conquis la majeure partie du marché avec ce téléphone bon marché, durable et fiable. À la fin de 1998, il avait dépassé les 100 millions de téléphones fabriqués. vieux numéro 1 mondial nokia
63%
1 se fait une place de choix en Corée, en commercialisant des produits convoités – électroménager, électronique, téléphone – à un prix abordable.(Très connu). numéro 1 mondial samsung
55%
8 important fabricant japonais de produits électroniques grand public, dont les activités diversifiées incluent le cinéma, la musique et les services financiers, entre autres connu aussi pour sa célèbre playstation sony
36%
6 .Un rapport qualité-prix quasi imbattable.
il sont reconnu par les experts du secteur, mais aussi par les consommateurs pour le rapport qualité prix exceptionnel de ses smartphones
numéro 3 mondial xiaomi
36%
7 À la fin de l'été 1999, ils ont traite déjà plus 3 millions de recherches par jour ! Très rapidement, ils devienne connu à travers le monde et commence à construire sa renommée qui fait de lui un géant de nos jours. moteur de recherche google
31%
4 devenu le premier fournisseur mondial d'équipements de télécommunication et le deuxième fabricant mondial de smartphones. L'alliance de processeurs puissants, d'écrans éclatants et d'un design innovant. numéro 4 depuis 10 ans huawei
22%
10 C'est LA MARQUE qui aura marqué l'histoire des téléphones mobiles car c'est elle qui a lancé le premier téléphone portable en 1973, participant ainsi à la démocratisation du mobile. égalité numéro 6 mondial avec vivo motorola
19%
5 Des capacités et des systèmes de production de classe mondiale, avec 9 centres de fabrication répartis dans le monde entier. Depuis sa création en 2004, cet marque est présente dans plus de 70 pays et régions du monde. top 5 depuis 20 ans oppo
11%
9 petit à petit, devenu l'un des plus importants fabricants de smartphones avec 9 % de parts de marché en 2020, ce qui hisse à la 5e place mondiale des vendeurs de smartphones égalité numéro 6 mondial avec motorola vivo
3%
Aucun quiz correspondant
Distribution des résultats
% des personnes avec chaque résultat
Percentile par nombre de réponses
Votre historique - résultats
Vous n’avez pas pris ce quiz